| 000 | 00424nam a2200157 i 4500 | ||
|---|---|---|---|
| 001 | 129360 | ||
| 003 | ES-MaACL | ||
| 007 | t| | ||
| 008 | 070612s1917 fr ||||1| fre d | ||
| 100 | 1 |
_aTharaud, Jérôme. _9109867 |
|
| 245 | 1 | 2 |
_aL'ombre de la croix / _cJérôme et Jean Tharaud. |
| 260 |
_aParís : _b[Chaix], _c1917. |
||
| 300 |
_a341 p. ; _c19 cm. |
||
| 700 | 1 |
_aTharaud, Jean. _9109866 |
|
| 852 |
_aES-MaACL _jG-1338 |
||
| 999 |
_c129360 _d129360 |
||